ضابط المقابلة بين الأعواض في البيوع وتطبيقاته المعاصرة : دراسة في مقصد العدل بين المتعاقدين /
Saved in:
| Main Author: | |
|---|---|
| Other Authors: | |
| Format: | Unknown |
| Language: | Arabic |
| Published: |
Kuala Lumpur :
al-Jami'ah al-Islamiyah al-'Alamiyah bi- Maliziya,
2006.
|
| Subjects: | |
| Online Access: | http://studentrepo.iium.edu.my/handle/123456789/9022 |
| Tags: |
Add Tag
No Tags, Be the first to tag this record!
|
| LEADER | 021980000a22003850004500 | ||
|---|---|---|---|
| 001 | 374796 | ||
| 005 | 20090625141200.0 | ||
| 008 | 031029s2006 my g 000 0 ara d | ||
| 035 | |a (Sirsi) 374796 | ||
| 040 | |a UIAM |b eng | ||
| 041 | 0 | |a ara | |
| 050 | 0 | 4 | |a BP158.6.P2 |
| 100 | 1 | |a عبد اللطيف، على | |
| 242 | 1 | 0 | |a Dabit al-muqabalah bayna al-a'wad fi al-buyu' wa tatbiqatih al-mu'asirah : |b dirasah fi maqsad al-'adl bayna al-muta'aqidayn |
| 245 | 1 | 0 | |a ضابط المقابلة بين الأعواض في البيوع وتطبيقاته المعاصرة : |b دراسة في مقصد العدل بين المتعاقدين / |c إعداد علي عبد اللطيف |
| 260 | |a Kuala Lumpur : |b al-Jami'ah al-Islamiyah al-'Alamiyah bi- Maliziya, |c 2006. | ||
| 300 | |a 167 leaves ; |c 30 cm. | ||
| 500 | |a "Bahth takmili muqaddam li-nayl darajat Majistir fi 'Ulum al-Wahy wa-al-Turath (Qism al-Fiqh wa Usul al-Fiqh)."--On t.p. | ||
| 500 | |a Abstracts in English and Arabic. | ||
| 506 | |a Access for fulltext of thesis is provided through digital format. | ||
| 530 | |a Also available on 4 3/4 in. computer disk | ||
| 596 | |a 1 | ||
| 650 | 0 | |a Sales (Islamic law) | |
| 650 | 0 | |a Contracts (Islamic law) | |
| 655 | 0 | 7 | |a Theses, IIUM local |
| 690 | 0 | |a Dissertations, Academic |x Department of Fiqh and Usul al-Fiqh |z IIUM | |
| 700 | 1 | |a 'Abd al-Latif, 'Ali | |
| 710 | 2 | |a International Islamic University Malaysia. |b Department of Arabic Language and Literature | |
| 730 | |a Dabit al-muqabalah bayna al-a'wad fi al-buyu' wa tatbiqatih al-mu'asirah (Electronic resource) | ||
| 856 | 4 | |u http://studentrepo.iium.edu.my/handle/123456789/9022 | |
| 900 | |a naw-ami-naw | ||
| 999 | |c 432524 |d 466122 | ||
| 952 | |0 0 |6 LU T BP 158.6 P2 A1353D 2006 |7 0 |8 THESES |9 751576 |a IIUM |b IIUM |c CLOSEACCES |g 0.00 |o lu t BP 158.6 P2 A1353D 2006 |p 00001067174 |r 2017-10-24 |t 1 |v 0.00 |y THESIS | ||
| 952 | |0 0 |6 T BP 158.6 P2 A1353D 2006 |7 0 |8 THESES |9 752626 |a IIUM |b IIUM |c MULTIMEDIA |g 0.00 |o t BP 158.6 P2 A1353D 2006 |p 00011275166 |r 2017-10-17 |t 2 |v 0.00 |y THESIS | ||
| 952 | |0 0 |6 TS CDF BP158.6P2A1353D 2006 |7 0 |8 THESES |9 826794 |a IIUM |b IIUM |c MULTIMEDIA |g 0.00 |o ts cdf BP158.6P2A1353D 2006 |p 00010984848 |r 2017-10-26 |t 1 |v 0.00 |y THESISDIG | ||
